Missing Word: 1990s 'H' Song Endings Quiz Stats

 Plays Quiz Updated Aug 15, 2018

Challenge
Share
Tweet
Embed
Score 0/20 Timer 04:00
9 Plays Today
Song Missing Word % Correct
Un-Break My _____Heart
97.9%
If It Makes You _____Happy
91.4%
Hold My _____Hand
91.1%
Heartbreak _____Hotel
90.8%
Tears In _____Heaven
90.3%
She's All I Ever _____Had
86%
Sunny Came _____Home
84.9%
Everybody _____Hurts
76.9%
Buddy _____Holly
75%
Someone To _____Hold
74.9%
Song Missing Word % Correct
Two Of A Kind, Workin' On A Full _____House
72.2%
Round _____Here
70.8%
Here Comes The _____Hammer
65.4%
Who's Gonna Ride Your Wild _____Horses
59.8%
Life Is A _____Highway
59.4%
Things That Make You Go _____....Hmmmm
58.8%
Make It _____Happen
52.5%
Cry For _____Help
37%
Devils _____Haircut
28.8%
Here Comes The _____Hotstepper
28%

Today's Daily Dose

Word Ladder
Aquatic Life

On This Day
August 21st II

You're not logged in!

Compare scores with friends on all Sporcle quizzes.
Join for Free
OR
Log In

You Might Also Like...

Show Comments

Extras

Top Quizzes Today


Score Distribution

Your Account Isn't Verified!

In order to create a playlist on Sporcle, you need to verify the email address you used during registration. Go to your Sporcle Settings to finish the process.

Report this User

Report this user for behavior that violates our Community Guidelines.

Details: